Design Thinking: understanding how designers think and work
Saved in:
| 主要作者: | |
|---|---|
| 格式: | 圖書 |
| 語言: | 西班牙语 |
| 出版: |
Londres
Bloomsbury
2011
|
| 版: | 1a. ed |
| 主題: | |
| 標簽: |
添加標簽
沒有標簽, 成為第一個標記此記錄!
|
MARC
| LEADER | 00000cam a2200000 a 4500 | ||
|---|---|---|---|
| 001 | UCE9098 | ||
| 003 | CL-VaPUC | ||
| 008 | 150928e20110000uk |||||||||||||||||spa|d | ||
| 020 | |a 9781847886361 | ||
| 082 | 0 | 4 | |a 745.4 |b CRO |2 21 |
| 100 | 0 | |a Cross, Nigel |e author |9 581812 | |
| 245 | 1 | 0 | |a Design Thinking: understanding how designers think and work |
| 250 | |a 1a. ed | ||
| 300 | |a 163 p | ||
| 942 | |c BK | ||
| 945 | |d 20150928 14:02:00 |a gsalatino | ||
| 260 | |a Londres |b Bloomsbury |c 2011 | ||
| 650 | 0 | |a Diseño |9 260483 | |
| 650 | 0 | |a Creatividad |9 310816 | |
| 650 | 0 | |a Desarrollo de productos |9 412264 | |
| 583 | |a last modification |c 20160914 12:14:15 |k Rodrigo Vera | ||
| 999 | |c 360805 |d 360803 | ||
| 952 | |0 0 |1 0 |3 erb |4 0 |6 745_400000000000000_CRO_2011 |7 0 |8 A |9 470772 |a BIBING |b BIBING |i 5199549 |l 1 |o 745.4 CRO 2011 |p 5199549 |r 2025-01-20 |s 2020-07-27 |w 2019-11-23 |y BK |z Catalogado en:20150928 |k EII | ||